书目信息 |
| 题名: |
服饰与禁忌
|
|
| 作者: | 华梅 , 朱国新 编著 | |
| 分册: | ||
| 出版信息: | 北京 中国时代经济出版社 2010.01 |
|
| 页数: | 208页 | |
| 开本: | 26cm | |
| 丛书名: | 人类服饰文化全书 | |
| 单 册: | ||
| 中图分类: | TS941.12 | |
| 科图分类: | ||
| 主题词: | 服饰--fu shi--文化--研究 | |
| 电子资源: | ||
| ISBN: | 978-7-80221-956-4 | |
| 000 | 01044nam 2200289 450 | |
| 001 | 012010543952 | |
| 005 | 20100404112703.89 | |
| 010 | @a978-7-80221-956-4@dCNY50.00 | |
| 100 | @a20100404d2010 em y0chiy0120 ea | |
| 101 | 0 | @achi |
| 102 | @aCN@b110000 | |
| 105 | @aac a 000yy | |
| 106 | @ar | |
| 200 | 1 | @a服饰与禁忌@Afu shi yu jin ji@d= The research on clothing & adornments and taboo@f编著华梅, 朱国新@Fbian zhu hua mei,zhu guo xin@zeng |
| 210 | @a北京@c中国时代经济出版社@d2010.01 | |
| 215 | @a208页@c图, 肖像@d26cm | |
| 225 | 2 | @a人类服饰文化全书@Aren lei fu shi wen hua quan shu |
| 320 | @a有书目 (第207-208页) | |
| 330 | @a本书介绍了服饰禁忌文化,通过对服饰禁忌的解读,人们会加深对整体禁忌文化的进一步认知。 | |
| 410 | 0 | @12001 @a人类服饰文化全书 |
| 510 | 1 | @aResearch on clothing & adornments and taboo@zeng |
| 606 | 0 | @a服饰@Afu shi@x文化@x研究 |
| 690 | @aTS941.12@v4 | |
| 701 | 0 | @a华梅@Ahua mei@4编著 |
| 701 | 0 | @a朱国新@Azhu guo xin@4编著 |
| 801 | 0 | @aCN@bQSSK@c20100404 |
| 905 | @b773978-79@dTS941.12@eH758@f2 | |
| 服饰与禁忌= The research on clothing & adornments and taboo/编著华梅, 朱国新.-北京:中国时代经济出版社,2010.01 |
| 208页:图, 肖像;26cm.-(人类服饰文化全书) |
| ISBN 978-7-80221-956-4:CNY50.00 |
| 本书介绍了服饰禁忌文化,通过对服饰禁忌的解读,人们会加深对整体禁忌文化的进一步认知。 |
| ● |
| 相关链接 |
|
|
|
正题名:服饰与禁忌
索取号:TS941.12/H758
 
预约/预借
| 序号 | 登录号 | 条形码 | 馆藏地/架位号 | 状态 | 备注 |
| 1 | 773978 | 207739786 | 自科库501/501自科库 44排3列4层/ [索取号:TS941.12/H758] | 在馆 | |
| 2 | 773979 | 207739795 | 自科库501/501自科库 73排1列3层/ [索取号:TS941.12/H758] | 在馆 |